| 000 | 00446nam a2200157Ia 4500 | ||
|---|---|---|---|
| 008 | 231217s9999 xx 000 0 und d | ||
| 041 | _aEnglish | ||
| 082 | _a395.59 PRO;1 | ||
| 100 | _aProchnow, Herbert V | ||
| 245 | 0 | _a1001 ways to improve your conversation and speeches | |
| 250 | _a10th ed | ||
| 260 |
_c2003 _bJaico Publishing House, _aMumbai |
||
| 300 | _a393 | ||
| 650 | _a1001,ways,improve,your,conversation,speeches | ||
| 942 | _cAA | ||
| 999 |
_c170313 _d170313 |
||